Statistiques concernant En 1936, combien de temps en train pour aller de Paris à...

Cliquez ici pour prendre le quiz!

Statistiques générales

  • Ce quiz a été pris 18 fois
  • Le résultat moyen est 3 sur 24

Statistiques - réponses

HintRéponse% Correct
NiceEntre 13h et 13h30
50%
MetzEntre 4h et 4h30
33%
PerpignanEntre 10h et 10h30
17%
CaenEntre 2h30 et 3h
17%
Le MansEntre 2h et 2h30
17%
DijonEntre 3h et 3h30
17%
NantesEntre 4h30 et 5h
17%
RennesEntre 4h et 4h30
17%
LyonEntre 5h et 5h30
17%
BordeauxEntre 6h30 et 7h
17%
BrestEntre 7h30 et 8h
17%
ToulouseEntre 9h et 9h30
17%
RouenEntre 1h30 et 2h
0%
OrléansEntre 1h et 1h30
0%
LilleEntre 2h et 2h30
0%
ReimsEntre 2h et 2h30
0%
StrasbourgEntre 4h30 et 5h
0%
Clermont-FerrandEntre 4h et 4h30
0%
La RochelleEntre 5h et 5h30
0%
PauEntre 7h30 et 8h
0%
NîmesEntre 7h30 et 8h
0%
AnnecyEntre 7h et 7h30
0%
MontpellierEntre 8h et 8h30
0%
MarseilleEntre 9h30 et 10h
0%

Distribution des résultats

Percentile par nombre de réponses

% des personnes avec chaque résultat

Votre développement - résultats

Vous n’avez pas pris ce quiz